Top 30 best NBA players of all time - Statistics

General Stats
  • This quiz has been taken 44 times
    16 since last reset
  • The average score is 15 of 30
Answer Stats
Rankings Answer % Correct
#1 Michael jordan
100%
#2 LeBron james
93%
#8 Kobe bryant
87%
#4 Bill russell
80%
#12 Shaquillie o neal
80%
#30 Stephen curry
80%
#11 Tim duncan
80%
#5 Larry bird
73%
#6 Irving johnson
67%
#3 Kareem abdul jabbar
67%
#13 Wilt chamberlain
67%
#21 Dirk nowitzki
60%
#14 Karl malone
60%
#24 Moses malone
60%
#25 John stockton
53%
#23 Charles barkley
47%
#18 Jerry west
47%
#9 David robinson
40%
#22 Giannis antetokounmpo
40%
#16 Hakeem olajuwan
40%
#28 Isiah thomas
40%
#7 Julius erving
40%
#27 Oscar robertson
40%
#10 Patrick ewing
40%
#20 Allen iverson
33%
#29 Clyde drexler
27%
#17 Dikembe mutombo
7%
#19 Jeremy lin
0%
#26 Tracy mcgrady
0%
#15 Yao ming
0%
No matching quizzes found
Score Distribution
Percent of People with Each Score
Percentile by Number Answered
Your Score History
You have not taken this quiz since the last reset